000 00648cam a2200241 4500
001 M91003
008 090401t1997 xxu||||| |||| 00| 0 eng d
035 _a(Sirsi) u85466
041 0 _aeng
050 0 4 _a333.0062 $2 18
110 2 _aRoyal Institution of Chartered Surveyors
_94900
245 0 0 _aAnnual report and accounts 1996
260 _aLondon
_bRICS
_c1997
300 _a17p.
_c30cm.
350 _a0
490 0 _aRICS Annual Report
490 0 _aRICS Financial Statements
520 _aReproduced in February CSM 1997.
651 4 _aInternational
690 _aABOUT RICS-RICS ANNUAL REPORT
942 _n0
948 _c07/04/1998
999 _c97046
_d97046